000 00482nam a2200157Ia 4500
008 100415s9999 xx 000 0 und d
082 _b22096
_a599.74(5483)
100 _aEasa, P.
245 _aPrey Predator Studies in Eravikulam National Park
260 _aPEECHI
_c1995
_bKERALA FOREST DEPT.
365 _b0
530 _bDonated
630 _aPrey Predator Studies in Eravikulam National Park
730 _aPrey Predator Studies in Eravikulam National Park
942 _cBOOK
999 _c604978
_d604975